Vplyv krízy na slovenský finančný sektor v roku 2009 a makrostresové testovanie
Hlavným kanálom vplyvu krízy na slovenský finančný sektor sú zmeny v reálnej ekonomike na Slovensku a v krajinách, kam smeruje slovenský export. Druhým kanálom ostáva vystavenie voči vývoju na finančných trhoch. Samostatným faktorom je zahraničné vlastníctvo väčšiny subjektov slovenského finančného...
Guardado en:
| Autor principal: | |
|---|---|
| Otros Autores: | |
| Formato: | Capítulo de libro |
| Lenguaje: | eslovaco |
| Materias: | |
| Etiquetas: |
Sin Etiquetas, Sea el primero en etiquetar este registro!
|
MARC
| LEADER | 00000naa$a2200000$$$4500 | ||
|---|---|---|---|
| 001 | 0113122 | ||
| 005 | 20231116085939.6 | ||
| 041 | 0 | |a slo | |
| 044 | |a SK | ||
| 245 | 1 | 0 | |a Vplyv krízy na slovenský finančný sektor v roku 2009 a makrostresové testovanie |c Ján Klacso, Štefan Rychtárik |
| 520 | |a Hlavným kanálom vplyvu krízy na slovenský finančný sektor sú zmeny v reálnej ekonomike na Slovensku a v krajinách, kam smeruje slovenský export. Druhým kanálom ostáva vystavenie voči vývoju na finančných trhoch. Samostatným faktorom je zahraničné vlastníctvo väčšiny subjektov slovenského finančného sektora. Makrostresové testovanie. Hlavné riziká na najbližšie obdobie. | ||
| 610 | 2 | 0 | |a sektory hospodárske |
| 610 | 2 | 0 | |a financie |
| 610 | 2 | 0 | |a kríza finančná |
| 610 | 2 | 0 | |a kríza hospodárska |
| 610 | 2 | 0 | |a Slovensko |
| 610 | 2 | 0 | |a trh finančný |
| 610 | 2 | 0 | |a trh finančný medzinárodný |
| 610 | 2 | 0 | |a banky |
| 610 | 2 | 0 | |a šoky hospodárske |
| 610 | 2 | 0 | |a riziko úverové |
| 100 | 1 | |a Klacso, Ján | |
| 700 | 1 | |a Rychtárik, Štefan | |